Statistics for Random Trivia Geography

Click here to take the quiz!

General Stats

  • This quiz has been taken 65 times
  • The average score is 7 of 16

Answer Stats

Answer% Correct
Longest river in AfricaNile
95%
Formerly known as BurmaMyanmar
85%
Second largest city of United Arab EmiratesAbu Dhabi
71%
City where the Brandenburg Gate is locatedBerlin
71%
Smallest country in OceaniaNauru
69%
Highest mountain in North AmericaDenali
67%
Most populous City in PakistanKarachi
55%
Previous Venezuelan presidentHugo Chávez
38%
Largest island below the equatorNew Guinea
38%
Capital of YukonWhitehorse
33%
Third highest mountain in the worldKangchenjunga
11%
Largest asteroid in our solar systemCeres
9%
Largest lake in Sweden and 3rd largest in EuropeVänern
7%
Largest island in AntarcticaAlexander Island
2%
Deepest manmade hole in the worldKola Superdeep Borehole
2%
Most active volcano in JapanSakurajima
2%

Score Distribution

Percentile by Number Answered

Percent of People with Each Score

Your Score History

You have not taken this quiz